MARC

LEADER 00000nam0a2200000 4500
001 352851
005 20231102010534.0
035 |a (RuTPU)RU\TPU\retro\9669 
035 |a RU\TPU\retro\9668 
090 |a 352851 
100 |a 20200207d1955 k y0rusy50 ca 
101 0 |a rus 
102 |a RU 
105 |a a z 000zy 
200 1 |a Пузырчатая водоросль из верхнепротерозойских отложений низовьев реки Ангары  |e [оттиск статьи]  |f А. Г. Вологдин 
210 |a Москва  |a Ленинград  |c Издательство Академии наук СССР  |d 1955 
215 |a С. 355-356  |c ил. 
225 1 |a Доклады АН СССР. Новая серия. Палеонтология  |v Т. 102, № 2 
316 |5 63413507: ШкА/6132  |a На обложке дарственная надпись: "В Библиотеку Томского Политехнического Института от автора" 
606 1 |a Палеонтология  |2 stltpush  |3 (RuTPU)RU\TPU\subj\47998  |9 66880 
610 1 |a коллекция ТПУ 
610 1 |a оттиски 
610 1 |a дарственные надписи 
610 1 |a дары автора 
610 1 |a дары библиотеке 
610 1 |a известковые водоросли 
610 1 |a пузырьковые структуры 
610 1 |a палеонтологические характеристики 
610 1 |a открытия 
675 |a 56  |v 4 
700 1 |a Вологдин  |b А. Г.  |c геолог и палеонтолог  |c член-корреспондент АН СССР  |f 1896-1971  |g Александр Григорьевич  |2 stltpush  |3 (RuTPU)RU\TPU\pers\38464  |9 20789 
801 1 |a RU  |b 63413507  |c 20200206 
801 2 |a RU  |b 63413507  |c 20200207  |g RCR 
942 |c BK